[Event "American Continental 15th"]
[Site "Sao Paulo"]
[Date "2019.07.09"]
[Round "7"]
[White "Carvalho, Rafael Cunha de"]
[Black "Cherniack, Alex"]
[Result "1/2-1/2"]
[WhiteElo "2096"]
[BlackElo "2231"]
[PlyCount "87"]
[EventDate "2019.07.05"]
[EventType "swiss"]
[EventRounds "11"]
[EventCountry "BRA"]
[SourceTitle "CBM 191 Extra"]
[Source "ChessBase"]
[SourceDate "2019.09.30"]
[SourceVersion "1"]
[SourceVersionDate "2019.09.30"]
[SourceQuality "1"]

1. d4 Nf6 2. c4 e6 3. Nf3 b6 4. g3 Ba6 5. Qc2 Bb7 6. Bg2 c5 7. dxc5 Bxc5 8. 0-0 0-0 9. Nc3 Nc6 10. Bg5 h6 11. Bxf6 Qxf6 12. Ne4 Qe7 13. Nxc5 Qxc5 14. Rac1 b5 15. cxb5 Qxb5 16. Rfd1 d5 17. e3 Rfc8 18. Qd2 Qb6 19. b3 a5 20. Rc3 a4 21. Rdc1 axb3 22. Rxb3 Qd8 23. h4 Ba6 24. Rbc3 Bc4 25. Bf1 Bxf1 26. Kxf1 Ne7 27. Rxc8 Nxc8 28. Nd4 Nd6 29. Rc2 Qa5 30. Qe2 Qa4 31. Kg2 Nc4 32. Qd3 Rb8 33. Nb3 Qa3 34. Qd4 Qa8 35. Kh2 Nd6 36. Qf4 Nc4 37. Qd4 Nd6 38. Qf4 Nc4 39. Qd4 Nd6 40. Qf4 Nc4 41. Qd4 Nd6 42. Qf4 Nc4 43. Qd4 Nd6 44. Qf4 1/2-1/2

[Event "American Continental 15th"]
[Site "Sao Paulo"]
[Date "2019.07.07"]
[Round "3"]
[White "Carvalho, Rafael Cunha de"]
[Black "Silva, Rodrigo"]
[Result "1-0"]
[WhiteElo "2096"]
[BlackElo "1803"]
[PlyCount "97"]
[EventDate "2019.07.05"]
[EventType "swiss"]
[EventRounds "11"]
[EventCountry "BRA"]
[SourceTitle "CBM 191 Extra"]
[Source "ChessBase"]
[SourceDate "2019.09.30"]
[SourceVersion "1"]
[SourceVersionDate "2019.09.30"]
[SourceQuality "1"]

1. d4 Nf6 2. c4 e6 3. Nf3 d5 4. Nc3 Be7 5. Bg5 0-0 6. e3 c6 7. Bd3 Nbd7 8. cxd5 exd5 9. 0-0 Re8 10. Qc2 Nf8 11. Rab1 h6 12. Bh4 Be6 13. b4 N6d7 14. Bg3 Rc8 15. Na4 b5 16. Nc5 Nxc5 17. bxc5 a6 18. a4 Nd7 19. Ra1 h5 20. h3 Bf6 21. axb5 axb5 22. Ra7 Nb8 23. Rfa1 Re7 24. Bd6 Rd7 25. Be5 Bxe5 26. Nxe5 Rxa7 27. Rxa7 Rc7 28. Ra8 Qc8 29. f4 Qb7 30. Ra1 Nd7 31. f5 Nxe5 32. dxe5 Bc8 33. Qe2 Re7 34. e6 Bxe6 35. fxe6 Rxe6 36. Qxh5 g6 37. Qg5 Qe7 38. Qh6 Qf8 39. Qxf8+ Kxf8 40. Kf2 Kg7 41. h4 Kf6 42. Ra7 Ke5 43. Rxf7 d4 44. e4 Re8 45. g4 Ra8 46. h5 gxh5 47. gxh5 Ra2+ 48. Kg3 b4 49. Rf5+ 1-0

[Event "Florianopolis op 5th"]
[Site "Florianopolis"]
[Date "2019.01.27"]
[Round "10"]
[White "Barbosa, Flavio Novais"]
[Black "Carvalho, Rafael Cunha de"]
[Result "0-1"]
[WhiteElo "1886"]
[BlackElo "2071"]
[PlyCount "70"]
[EventDate "2019.01.21"]
[EventType "swiss"]
[EventRounds "10"]
[EventCountry "BRA"]
[SourceTitle "CBM 188 Extra"]
[Source "ChessBase"]
[SourceDate "2019.02.26"]
[SourceVersion "1"]
[SourceVersionDate "2019.02.26"]
[SourceQuality "1"]

1. d4 Nf6 2. Nf3 c5 3. c3 cxd4 4. cxd4 g6 5. Nc3 d5 6. Bf4 Bg7 7. e3 0-0 8. h3 Nc6 9. Be2 a6 10. Ne5 Nd7 11. Nxd7 Qxd7 12. Qb3 e5 13. Bxe5 Nxe5 14. dxe5 Bxe5 15. Nxd5 Qd8 16. 0-0 Be6 17. Rfd1 b5 18. f4 Bg7 19. Bf3 Ra7 20. Qc2 Rd7 21. Nc3 Qb6 22. Qf2 Rfd8 23. Rxd7 Rxd7 24. Rd1 Rxd1+ 25. Bxd1 Qa5 26. Qd2 Bxc3 27. bxc3 Bxa2 28. Qd4 Bc4 29. Qe4 Qc7 30. f5 a5 31. f6 a4 32. Qb1 a3 33. Kh1 Qb8 34. Bg4 a2 35. Qc1 Qa8 0-1

[Event "Florianopolis op 5th"]
[Site "Florianopolis"]
[Date "2019.01.22"]
[Round "3"]
[White "Carvalho, Rafael Cunha de"]
[Black "Aranha Filho, Alvaro Zimmermann"]
[Result "0-1"]
[WhiteElo "2071"]
[BlackElo "2294"]
[PlyCount "71"]
[EventDate "2019.01.21"]
[EventType "swiss"]
[EventRounds "10"]
[EventCountry "BRA"]
[SourceTitle "CBM 188 Extra"]
[Source "ChessBase"]
[SourceDate "2019.02.26"]
[SourceVersion "1"]
[SourceVersionDate "2019.02.26"]
[SourceQuality "1"]

1. Nf3 d5 2. d4 Nf6 3. c4 e6 4. Bg5 Nbd7 5. Nc3 c6 6. e3 Qa5 7. cxd5 Nxd5 8. Qd2 Bb4 9. Rc1 Nxc3 10. bxc3 Ba3 11. Rb1 0-0 12. Bd3 e5 13. 0-0 h6 14. Bh4 Bd6 15. e4 a6 16. Bg3 Rd8 17. Qc2 Qc7 18. dxe5 Bxe5 19. Nxe5 Nxe5 20. Be2 Qe7 21. Rfd1 Re8 22. c4 c5 23. f4 Nc6 24. f5 Nd4 25. Rxd4 cxd4 26. Qd2 g6 27. Qxd4 Bxf5 28. Rb6 Qa3 29. c5 Qc1+ 30. Bf1 Rac8 31. h3 Qxc5 32. Qxc5 Rxc5 33. Rb2 Rc1 34. Rxb7 Bxe4 35. Rb2 Bd3 36. Rf2 0-1

[Event "Curitiba Fexpar op 1st"]
[Site "Curitiba"]
[Date "2018.11.04"]
[Round "6"]
[White "Carvalho, Rafael Cunha de"]
[Black "Chemin, Vitorio"]
[Result "1/2-1/2"]
[WhiteElo "2067"]
[BlackElo "2116"]
[PlyCount "44"]
[EventDate "2018.11.02"]
[EventType "swiss"]
[EventRounds "7"]
[EventCountry "BRA"]
[SourceTitle "EXT 2020"]
[Source "ChessBase"]
[SourceDate "2019.10.17"]
[SourceVersion "1"]
[SourceVersionDate "2019.10.17"]
[SourceQuality "1"]

1. d4 d5 2. c4 e6 3. Nc3 c5 4. cxd5 cxd4 5. Qxd4 Nc6 6. Qd1 exd5 7. Qxd5 Be6 8. Qxd8+ Rxd8 9. Bd2 Nf6 10. Nf3 a6 11. g3 Nb4 12. Rc1 Nxa2 13. Nxa2 Bxa2 14. Bg2 Bd5 15. Bc3 Be7 16. 0-0 0-0 17. Nd4 Bxg2 18. Kxg2 Rd5 19. f3 Rfd8 20. e3 Bc5 21. g4 b5 22. Nf5 b4 1/2-1/2

[Event "Caioba Telecom op"]
[Site "Caioba"]
[Date "2016.08.28"]
[Round "6"]
[White "Carvalho, Rafael Cunha de"]
[Black "Dias, Anderson Tatsch"]
[Result "1/2-1/2"]
[WhiteElo "2051"]
[BlackElo "2190"]
[PlyCount "56"]
[EventDate "2016.08.26"]
[EventType "swiss"]
[EventRounds "6"]
[EventCountry "BRA"]
[SourceTitle "CBM 174 Extra"]
[Source "ChessBase"]
[SourceDate "2016.10.10"]
[SourceVersion "1"]
[SourceVersionDate "2016.10.10"]
[SourceQuality "1"]

1. d4 Nf6 2. c4 c5 3. Nf3 cxd4 4. Nxd4 g6 5. g3 Nc6 6. Bg2 Bg7 7. Nc3 0-0 8. 0-0 Nxd4 9. Qxd4 d6 10. Qd2 a6 11. b3 Rb8 12. Bb2 Bd7 13. Rac1 Qa5 14. Rfd1 Rfc8 15. Nd5 Qxd2 16. Nxf6+ Bxf6 17. Rxd2 Bxb2 18. Rxb2 Rc7 19. Be4 Rbc8 20. Rbc2 Be6 21. Kf1 Kf8 22. Ke1 d5 23. cxd5 Rxc2 24. Rxc2 Rxc2 25. Bxc2 Bxd5 26. Kd2 e5 27. Kc3 Ke7 28. Bd3 Kd6 1/2-1/2

[Event "Florianopolis op 2nd"]
[Site "Florianopolis"]
[Date "2016.01.22"]
[Round "10"]
[White "Melo, Maicon Joao"]
[Black "Carvalho, Rafael Cunha de"]
[Result "1-0"]
[WhiteElo "1950"]
[BlackElo "2058"]
[PlyCount "73"]
[EventDate "2016.01.16"]
[EventType "swiss"]
[EventRounds "10"]
[EventCountry "BRA"]
[SourceTitle "CBM 170 Extra"]
[Source "ChessBase"]
[SourceDate "2016.02.25"]
[SourceVersion "1"]
[SourceVersionDate "2016.02.25"]
[SourceQuality "1"]

1. e4 e6 2. d4 d5 3. Nd2 Nf6 4. Bd3 c5 5. exd5 exd5 6. Ngf3 c4 7. Be2 Bd6 8. 0-0 0-0 9. c3 Nc6 10. Re1 Ne7 11. Ne5 Ng6 12. Ndf3 Qc7 13. Nxg6 hxg6 14. h3 Re8 15. Be3 Bd7 16. Nd2 b5 17. a3 a5 18. Bg5 b4 19. Bxf6 gxf6 20. Bf3 bxc3 21. bxc3 Bc6 22. Rxe8+ Rxe8 23. Nf1 Qd7 24. Ne3 Bc7 25. Qd2 f5 26. g3 Kg7 27. Ng2 Qd6 28. h4 Rb8 29. h5 Rh8 30. hxg6 fxg6 31. Nf4 Re8 32. Kg2 Re4 33. Bxe4 dxe4 34. d5 Bd7 35. Rh1 Kg8 36. Qd4 Qe5 37. Qxc4 1-0

[Event "Florianopolis op 2nd"]
[Site "Florianopolis"]
[Date "2016.01.17"]
[Round "3"]
[White "Carvalho, Rafael Cunha de"]
[Black "Menna Barreto, Felipe Kubiaki"]
[Result "0-1"]
[WhiteElo "2058"]
[BlackElo "2247"]
[PlyCount "46"]
[EventDate "2016.01.16"]
[EventType "swiss"]
[EventRounds "10"]
[EventCountry "BRA"]
[SourceTitle "CBM 170 Extra"]
[Source "ChessBase"]
[SourceDate "2016.02.25"]
[SourceVersion "1"]
[SourceVersionDate "2016.02.25"]
[SourceQuality "1"]

1. e4 c5 2. Nf3 d6 3. g3 Nc6 4. Bg2 g6 5. 0-0 Bg7 6. d3 e5 7. Nbd2 Nge7 8. a4 0-0 9. Nc4 f5 10. c3 f4 11. Qb3 Kh8 12. h3 Be6 13. Qc2 h6 14. Kh2 g5 15. Ng1 Qd7 16. Qe2 Rf6 17. Bd2 Raf8 18. Bf3 h5 19. Bxh5 Rh6 20. g4 f3 21. Nxf3 Bxg4 22. Bxg4 Qxg4 23. Ng1 Rxh3+ 0-1

[Event "Florianopolis op 2nd"]
[Site "Florianopolis"]
[Date "2016.01.16"]
[Round "1"]
[White "Carvalho, Rafael Cunha de"]
[Black "Riquelme Oviedo, Fabio"]
[Result "1-0"]
[WhiteElo "2058"]
[BlackElo "1587"]
[PlyCount "69"]
[EventDate "2016.01.16"]
[EventType "swiss"]
[EventRounds "10"]
[EventCountry "BRA"]
[SourceTitle "CBM 170 Extra"]
[Source "ChessBase"]
[SourceDate "2016.02.25"]
[SourceVersion "1"]
[SourceVersionDate "2016.02.25"]
[SourceQuality "1"]

1. d4 e6 2. Nc3 d5 3. e4 c6 4. Nf3 Bb4 5. Bd3 Ne7 6. 0-0 0-0 7. e5 h6 8. Ne2 Ba5 9. Ng3 Nd7 10. c3 Bc7 11. Nh4 f5 12. f4 c5 13. Kh1 c4 14. Bc2 b5 15. Rg1 Qe8 16. Nh5 g6 17. g4 Kh7 18. Ng3 Nb6 19. Qe2 Qf7 20. Rg2 Bd7 21. Bd2 Rg8 22. Rag1 Raf8 23. gxf5 exf5 24. Nf3 Be6 25. h4 a5 26. Rh2 Bc8 27. Qg2 Qe8 28. h5 gxh5 29. Qh3 Rg4 30. Nxh5 Rxg1+ 31. Nxg1 Qg6 32. Rg2 Qc6 33. Rg7+ Kh8 34. Rxe7 Bd8 35. Qg2 1-0

[Event "Sao Bernardo do Campo-ch"]
[Site "Sao Bernardo do Campo"]
[Date "2015.01.31"]
[Round "6"]
[White "Batista, Renato Luiz"]
[Black "Carvalho, Rafael Cunha de"]
[Result "0-1"]
[WhiteElo "2112"]
[BlackElo "2044"]
[PlyCount "90"]
[EventDate "2015.01.24"]
[EventType "tourn"]
[EventRounds "9"]
[EventCountry "BRA"]
[SourceTitle "CBM 164 Extra"]
[Source "ChessBase"]
[SourceDate "2015.03.02"]
[SourceVersion "1"]
[SourceVersionDate "2015.03.02"]
[SourceQuality "1"]

1. e4 Nf6 2. e5 Nd5 3. d4 d6 4. Nf3 g6 5. Be2 Bg7 6. 0-0 0-0 7. c4 Nb6 8. h3 Nc6 9. exd6 cxd6 10. Nc3 e5 11. Be3 h6 12. Qd2 Kh7 13. Rad1 f5 14. dxe5 dxe5 15. Qc2 Qe7 16. Nd5 Qf7 17. Bc5 Re8 18. a3 e4 19. Nd4 Nd7 20. Nb3 Nxc5 21. Nxc5 Nd4 22. Rfe1 b6 23. Na4 Bb7 24. Nac3 Rac8 25. Bf1 Red8 26. Qb1 Nc6 27. h4 Ne5 28. b3 Rd7 29. a4 Rcd8 30. Be2 Nc6 31. h5 Nd4 32. hxg6+ Qxg6 33. Nf4 Qg5 34. Nh3 Qh4 35. Rc1 Be5 36. Bf1 Rg8 37. Kh1 Rdg7 38. Re3 Bf4 39. g3 Bxg3 40. fxg3 Rxg3 41. Rxg3 Rxg3 42. Qb2 e3+ 43. Nd5 e2 44. Bg2 Rxh3+ 45. Kg1 e1Q+ 0-1

[Event "Sao Bernardo do Campo-ch"]
[Site "Sao Bernardo do Campo"]
[Date "2015.01.30"]
[Round "5"]
[White "Pires, Marcos Vinicius Tor"]
[Black "Carvalho, Rafael Cunha de"]
[Result "1-0"]
[WhiteElo "2274"]
[BlackElo "2044"]
[PlyCount "55"]
[EventDate "2015.01.24"]
[EventType "tourn"]
[EventRounds "9"]
[EventCountry "BRA"]
[SourceTitle "CBM 164 Extra"]
[Source "ChessBase"]
[SourceDate "2015.03.02"]
[SourceVersion "1"]
[SourceVersionDate "2015.03.02"]
[SourceQuality "1"]

1. c4 Nf6 2. Nf3 g6 3. Nc3 d5 4. cxd5 Nxd5 5. h4 Nb6 6. h5 Bg7 7. h6 Bf6 8. Ne4 Nc6 9. d3 0-0 10. Nxf6+ exf6 11. b3 Re8 12. Bb2 Nb4 13. e3 Bg4 14. Qd2 c5 15. a3 Nc6 16. Be2 Qd6 17. Rc1 Nd5 18. Kf1 Rad8 19. Rh4 Bc8 20. Rhc4 b6 21. b4 Bb7 22. bxc5 Qf8 23. e4 Na5 24. exd5 Nxc4 25. dxc4 Qxc5 26. Bxf6 Rc8 27. Bb2 Rf8 28. Ng5 1-0

[Event "Sao Bernardo do Campo-ch"]
[Site "Sao Bernardo do Campo"]
[Date "2015.01.24"]
[Round "2"]
[White "Carvalho, Rafael Cunha de"]
[Black "Sega, Carlos Alberto"]
[Result "0-1"]
[WhiteElo "2044"]
[BlackElo "2218"]
[PlyCount "72"]
[EventDate "2015.01.24"]
[EventType "tourn"]
[EventRounds "9"]
[EventCountry "BRA"]
[SourceTitle "CBM 164 Extra"]
[Source "ChessBase"]
[SourceDate "2015.03.02"]
[SourceVersion "1"]
[SourceVersionDate "2015.03.02"]
[SourceQuality "1"]

1. e4 e5 2. Nf3 Nc6 3. Bb5 a6 4. Bxc6 dxc6 5. 0-0 Qf6 6. d4 exd4 7. Qxd4 Bg4 8. Qxf6 Nxf6 9. Nc3 0-0-0 10. Be3 Bb4 11. Nd2 Bxc3 12. bxc3 Rxd2 13. Bxd2 Nxe4 14. f3 Nxd2 15. fxg4 Nxf1 16. Rxf1 Rf8 17. Re1 c5 18. Kf2 Kd7 19. Rd1+ Kc6 20. h4 Re8 21. Kf3 h6 22. h5 b5 23. Rd2 b4 24. cxb4 cxb4 25. Rd3 a5 26. Rd4 Re5 27. Rd8 f6 28. Rg8 Rg5 29. Kf4 Kb5 30. Rd8 a4 31. Rd7 c5 32. Ra7 a3 33. Rd7 Kc4 34. Rd3 Rd5 35. Rxd5 Kxd5 36. Ke3 c4 0-1

[Event "Sao Bernardo do Campo-ch"]
[Site "Sao Bernardo do Campo"]
[Date "2015.01.24"]
[Round "1"]
[White "Ueti, Silvio Shigeo"]
[Black "Carvalho, Rafael Cunha de"]
[Result "0-1"]
[WhiteElo "2124"]
[BlackElo "2044"]
[PlyCount "58"]
[EventDate "2015.01.24"]
[EventType "tourn"]
[EventRounds "9"]
[EventCountry "BRA"]
[SourceTitle "CBM 164 Extra"]
[Source "ChessBase"]
[SourceDate "2015.03.02"]
[SourceVersion "1"]
[SourceVersionDate "2015.03.02"]
[SourceQuality "1"]

1. c4 e6 2. g3 d5 3. Bg2 Nf6 4. Nf3 Be7 5. 0-0 0-0 6. b3 c5 7. Bb2 d4 8. e3 Nc6 9. exd4 cxd4 10. Re1 Re8 11. a3 a5 12. d3 Bf8 13. Ne5 Nxe5 14. Rxe5 Nd7 15. Rb5 Nc5 16. b4 axb4 17. axb4 Rxa1 18. Bxa1 Na6 19. Qb3 Qd7 20. Nd2 Nb8 21. f4 Nc6 22. Bb2 e5 23. Rd5 Qg4 24. fxe5 Qe2 25. Nf3 Nxb4 26. Bxd4 Nxd5 27. cxd5 Bg4 28. Nh4 Qe1+ 29. Bf1 Be2 0-1

[Event "Sao Bernardo do Campo LXSBC op"]
[Site "Sao Bernardo do Campo"]
[Date "2014.07.27"]
[Round "5"]
[White "Carvalho, Rafael Cunha de"]
[Black "Mendes, Rodrigo Machado"]
[Result "1/2-1/2"]
[WhiteElo "2054"]
[BlackElo "1929"]
[PlyCount "155"]
[EventDate "2014.07.25"]
[EventType "swiss"]
[EventRounds "6"]
[EventCountry "BRA"]
[SourceTitle "EXT 2016"]
[Source "ChessBase"]
[SourceDate "2015.10.08"]
[SourceVersion "1"]
[SourceVersionDate "2015.10.08"]
[SourceQuality "1"]

1. d4 d5 2. c4 c6 3. Nf3 Nf6 4. Nc3 g6 5. cxd5 Nxd5 6. g3 Bg7 7. Bg2 0-0 8. 0-0 Nb6 9. a4 a5 10. b3 Na6 11. Bb2 Re8 12. Rc1 Nb4 13. Ne4 N6d5 14. Nc5 Bh6 15. e3 b6 16. Ne4 Ba6 17. Ne5 Bxf1 18. Qxf1 Rc8 19. h4 Bg7 20. Nf3 Qc7 21. Qe2 Qb7 22. Bh3 Rc7 23. Bf1 Na2 24. Ra1 Nab4 25. Rc1 Qc8 26. Ned2 e6 27. Nc4 Qb8 28. e4 Ne7 29. e5 Ned5 30. Ng5 Qd8 31. Ne4 Rf8 32. Bh3 Qe7 33. Re1 Kh8 34. Bc1 h6 35. Bd2 Kh7 36. Bc1 Kh8 37. Bd2 Nc2 38. Bxh6 Nxe1 39. Bxg7+ Kxg7 40. Qxe1 Rh8 41. Qe2 Qb4 42. Qf3 Qe1+ 43. Kg2 Qb4 44. Ng5 Rh5 45. Bg4 Rxg5 46. hxg5 Qe7 47. Nd6 Qxg5 48. Ne8+ Kf8 49. Nxc7 Nxc7 50. Qxc6 Nd5 51. Bf3 Nf4+ 52. Kf1 Nd3 53. Be4 Qd2 54. Bxd3 Qxd3+ 55. Kg2 Qxd4 56. Qc7 Kg7 57. Kg1 Qd5 58. Kh2 Qxb3 59. Qd8 Qxa4 60. Qf6+ Kf8 61. Qd8+ Qe8 62. Qxb6 a4 63. Qb4+ Kg8 64. Qa5 Kg7 65. Kg1 Qd7 66. Qb4 Qd1+ 67. Kh2 Qb3 68. Qf4 Qb5 69. Qf6+ Kf8 70. Qd8+ Qe8 71. Qa5 Qd7 72. Qb4+ Kg8 73. Qb8+ Kh7 74. Qb4 Qa7 75. Qh4+ Kg8 76. Qd8+ Kg7 77. Qf6+ Kf8 78. Qd8+ 1/2-1/2

[Event "Sao Bernardo do Campo LXSBC op"]
[Site "Sao Bernardo do Campo"]
[Date "2014.07.27"]
[Round "6"]
[White "Rodrigo da Silva, Edson"]
[Black "Carvalho, Rafael Cunha de"]
[Result "1/2-1/2"]
[WhiteElo "1944"]
[BlackElo "2054"]
[PlyCount "88"]
[EventDate "2014.07.25"]
[EventType "swiss"]
[EventRounds "6"]
[EventCountry "BRA"]
[SourceTitle "EXT 2016"]
[Source "ChessBase"]
[SourceDate "2015.10.08"]
[SourceVersion "1"]
[SourceVersionDate "2015.10.08"]
[SourceQuality "1"]

1. d4 Nf6 2. c4 g6 3. Nc3 d5 4. cxd5 Nxd5 5. e4 Nxc3 6. bxc3 Bg7 7. Nf3 c5 8. Rb1 0-0 9. Be2 Nc6 10. d5 Ne5 11. Nxe5 Bxe5 12. Qd2 Qc7 13. f4 Bg7 14. 0-0 Bd7 15. c4 Rab8 16. Bb2 b6 17. Bxg7 Kxg7 18. Qc3+ Kg8 19. Qg3 a6 20. Qh4 f6 21. Qg3 b5 22. e5 fxe5 23. fxe5 Rxf1+ 24. Rxf1 Rf8 25. Rxf8+ Kxf8 26. h4 bxc4 27. Bxc4 Bf5 28. Qf4 Qa5 29. Kh2 h5 30. Qh6+ Ke8 31. Qh8+ Kd7 32. Qb8 Qd8 33. Qb2 e6 34. g3 exd5 35. Bxd5 Ke7 36. Qb7+ Qd7 37. Qb3 Qb5 38. Qe3 Qb2+ 39. Bg2 Qxa2 40. Qxc5+ Ke8 41. Qc6+ Kd8 42. Qb6+ Ke8 43. Qb8+ Ke7 44. Qd6+ Ke8 1/2-1/2

[Event "Sao Bernardo do Campo LXSBC op"]
[Site "Sao Bernardo do Campo"]
[Date "2014.07.25"]
[Round "1"]
[White "Carvalho, Rafael Cunha de"]
[Black "Nascimento, Jose Eduardo Campos"]
[Result "1-0"]
[WhiteElo "2054"]
[BlackElo "1848"]
[PlyCount "53"]
[EventDate "2014.07.25"]
[EventType "swiss"]
[EventRounds "6"]
[EventCountry "BRA"]
[SourceTitle "EXT 2016"]
[Source "ChessBase"]
[SourceDate "2015.10.08"]
[SourceVersion "1"]
[SourceVersionDate "2015.10.08"]
[SourceQuality "1"]

1. d4 b5 2. Nf3 Bb7 3. g3 e6 4. Bg2 Nf6 5. 0-0 h6 6. Nbd2 d6 7. Re1 Be7 8. e4 Nbd7 9. b3 Rc8 10. c4 a6 11. Qe2 b4 12. Bb2 c5 13. e5 dxe5 14. d5 0-0 15. dxe6 fxe6 16. Nxe5 Bxg2 17. Kxg2 Nxe5 18. Bxe5 Rc6 19. Rad1 Qe8 20. Ne4 Qg6 21. Nxf6+ Bxf6 22. Rd6 Qe8 23. Qe4 Rc8 24. Bxf6 Rxf6 25. Rxe6 Qf7 26. Rxf6 gxf6 27. Qg4+ 1-0

[Event "Sao Jose dos Campos op"]
[Site "Sao Jose dos Campos"]
[Date "2012.11.30"]
[Round "2"]
[White "Carvalho, Rafael Cunha de"]
[Black "Abdalla, Luiz Guilherme"]
[Result "0-1"]
[WhiteElo "2040"]
[BlackElo "2319"]
[PlyCount "65"]
[EventDate "2012.11.29"]
[EventType "swiss"]
[EventRounds "7"]
[EventCountry "BRA"]
[SourceTitle "EXT 2014"]
[Source "ChessBase"]
[SourceDate "2013.11.20"]
[SourceVersion "1"]
[SourceVersionDate "2013.11.20"]
[SourceQuality "1"]

1. d4 d5 2. Nf3 c6 3. c4 e6 4. Nc3 dxc4 5. g3 Nf6 6. Bg2 b5 7. Ne5 Nd5 8. 0-0 Be7 9. a4 b4 10. Ne4 Ba6 11. Nc5 Bxc5 12. dxc5 0-0 13. e4 Ne7 14. Be3 f6 15. Qxd8 Rxd8 16. Nf3 Nd7 17. Rfd1 e5 18. Rd6 Nf8 19. Bd2 c3 20. bxc3 b3 21. Rb1 Rxd6 22. cxd6 Nc8 23. Rxb3 Nxd6 24. Nh4 Nc4 25. Be1 Rd8 26. Bf3 g6 27. Ng2 Ne6 28. Be2 Na5 29. Rb2 Bxe2 30. Rxe2 Nc5 31. f3 Nc4 32. Bf2 Rd1+ 33. Ne1 0-1

[Event "Rio de Janeiro Maravilhosa op"]
[Site "Rio de Janeiro"]
[Date "2010.04.24"]
[Round "3"]
[White "Rangel, Daniel"]
[Black "Carvalho, Rafael Cunha de"]
[Result "1-0"]
[WhiteElo "2056"]
[BlackElo "1861"]
[PlyCount "31"]
[EventDate "2010.04.10"]
[EventType "swiss"]
[EventRounds "7"]
[EventCountry "BRA"]
[SourceTitle "EXT 2012"]
[Source "ChessBase"]
[SourceDate "2011.11.24"]
[SourceVersion "1"]
[SourceVersionDate "2011.11.24"]
[SourceQuality "1"]

1. e4 c5 2. Nc3 Nc6 3. g3 g6 4. Bg2 Bg7 5. d3 e6 6. Be3 Nd4 7. Qd2 d6 8. Nd1 Qc7 9. c3 Nc6 10. Ne2 Nf6 11. h3 e5 12. d4 c4 13. 0-0 b5 14. f4 Bb7 15. d5 exf4 16. dxc6 1-0

[Event "Rio de Janeiro Andrade op"]
[Site "Rio de Janeiro"]
[Date "2008.04.26"]
[Round "2"]
[White "Chaves, Jorge Antonio Torre"]
[Black "Carvalho, Rafael Cunha de"]
[Result "1-0"]
[WhiteElo "2087"]
[BlackElo "2053"]
[PlyCount "57"]
[EventDate "2008.04.22"]
[EventType "swiss"]
[EventRounds "7"]
[EventCountry "BRA"]
[SourceTitle "EXT 2009"]
[Source "ChessBase"]
[SourceDate "2008.11.26"]
[SourceVersion "1"]
[SourceVersionDate "2008.11.26"]
[SourceQuality "1"]

1. d4 Nf6 2. c4 e6 3. Nf3 d5 4. Nc3 c6 5. Bg5 Be7 6. e3 Nbd7 7. Rc1 0-0 8. Qc2 dxc4 9. Bxc4 Nd5 10. Bxe7 Nxe7 11. 0-0 b5 12. Bd3 h6 13. Rfd1 Bb7 14. b4 a5 15. a3 Qb6 16. Ra1 Ra7 17. Ne4 Rfa8 18. Nc5 Nxc5 19. dxc5 Qc7 20. Qb2 axb4 21. axb4 Nd5 22. Rxa7 Rxa7 23. Bc2 Bc8 24. g3 Qe7 25. e4 Nf6 26. Ne5 Bb7 27. Rd6 Ra6 28. Qd4 g6 29. Rd8+ 1-0

[Event "Rio de Janeiro Bento da Silva op"]
[Site "Rio de Janeiro"]
[Date "2008.03.01"]
[Round "3"]
[White "Rodrigues, Nei Jorge"]
[Black "Carvalho, Rafael Cunha de"]
[Result "1-0"]
[WhiteElo "2065"]
[BlackElo "2053"]
[PlyCount "75"]
[EventDate "2008.02.16"]
[EventType "swiss"]
[EventRounds "7"]
[EventCountry "BRA"]
[SourceTitle "EXT 2009"]
[Source "ChessBase"]
[SourceDate "2008.11.26"]
[SourceVersion "1"]
[SourceVersionDate "2008.11.26"]
[SourceQuality "1"]

1. Nf3 Nf6 2. g3 e6 3. Bg2 c5 4. d3 d5 5. Nbd2 Nc6 6. e4 Be7 7. 0-0 Qc7 8. Re1 0-0 9. e5 Nd7 10. Qe2 b5 11. h4 f6 12. exf6 Nxf6 13. c3 Ng4 14. Ng5 Bxg5 15. Qxg4 Bf6 16. Nf1 Kh8 17. Qh5 Bd7 18. f4 g6 19. Qe2 Rae8 20. Ne3 b4 21. Ng4 Bg7 22. Bd2 h5 23. Ne5 Nxe5 24. fxe5 bxc3 25. bxc3 Rf5 26. d4 Ref8 27. Be3 cxd4 28. cxd4 Kh7 29. Rec1 Qd8 30. Qa6 Qb6 31. Qxb6 axb6 32. Rc7 Ba4 33. Bh3 Rf3 34. Bg5 Rxg3+ 35. Kh2 Rxg5 36. hxg5 Kg8 37. Bxe6+ Kh8 38. Rc8 1-0

[Event "BRA-ch U16"]
[Site "Volta Redonda"]
[Date "2001.05.05"]
[Round "4.21"]
[White "Carvalho, Rafael Cunha de"]
[Black "Albuquerque, Ivan"]
[Result "1-0"]
[WhiteElo "1617"]
[BlackElo "1800"]
[PlyCount "97"]
[EventDate "2001.05.??"]
[EventType "swiss"]
[EventRounds "6"]
[EventCountry "BRA"]
[SourceTitle "EXT 2003"]
[Source "ChessBase"]
[SourceDate "2002.11.25"]
[SourceVersion "1"]
[SourceVersionDate "2002.11.25"]
[SourceQuality "1"]

1. d4 d5 2. c4 c6 3. Nc3 Nf6 4. Bf4 e6 5. Nf3 Nbd7 6. e3 Qa5 7. a3 Ne4 8. Qc2 Bb4 9. Rc1 Bxc3+ 10. bxc3 Qxa3 11. cxd5 cxd5 12. Bd3 Ndf6 13. 0-0 Qe7 14. Bb5+ Bd7 15. Bxd7+ Nxd7 16. c4 Nef6 17. cxd5 Nxd5 18. Qc8+ Rxc8 19. Rxc8+ Qd8 20. Rxd8+ Kxd8 21. Ne5 Nxe5 22. Bxe5 f6 23. e4 Nc3 24. Bc7+ Kxc7 25. Rc1 Kd7 26. Rxc3 Rc8 27. Rxc8 Kxc8 28. Kf1 a5 29. Ke2 a4 30. Kd2 b5 31. Kc2 b4 32. Kb2 Kc7 33. f4 Kc6 34. g4 h6 35. h4 Kb5 36. f5 e5 37. dxe5 fxe5 38. g5 hxg5 39. hxg5 Kc4 40. f6 a3+ 41. Ka1 gxf6 42. gxf6 b3 43. f7 b2+ 44. Ka2 Kc3 45. f8Q Kc2 46. Qc5+ Kd2 47. Qxa3 Kc1 48. Qc5+ Kd2 49. Qxe5 1-0